| 000 | 00430nam a2200181Ia 4500 | ||
|---|---|---|---|
| 003 | OSt | ||
| 005 | 20240212102208.0 | ||
| 008 | 210210b1964 xxu||||| |||| 00| 0 eng d | ||
| 040 | _cAL | ||
| 041 | _aeng | ||
| 082 | _a829/946 | ||
| 100 |
_aSCOTT (Sir W) _9150464 |
||
| 245 | _aRob roy: Atkinson Ed | ||
| 260 |
_aMadras _bMacmillan & Co. Ltd. _c1964 |
||
| 690 |
_aEnglish Fiction _9150469 |
||
| 906 | _a017561 | ||
| 942 |
_2ddc _cBK |
||
| 999 |
_c137545 _d137545 |
||